| 000 | 00795nam a22002177a 4500 | ||
|---|---|---|---|
| 999 |
_c13158 _d13158 |
||
| 003 | AR-CdUCM | ||
| 008 | 190411b ||||| |||| 00| 0 spa d | ||
| 040 |
_aMUNICIPALIDAD PROVINCIAL DEL CUSCO _cBIBLIOTECA MUNICIPAL DEL CUSCO |
||
| 082 |
_a370 / _bS74 / 1884 |
||
| 100 |
_aSpenger, Herbert _931381 |
||
| 245 | _aDe la educación intelectual, moral y Física / | ||
| 260 |
_aMadrid : _bVictoriano Suarez, _c1884. |
||
| 300 |
_a320 páginas ; _c18 cm. |
||
| 505 | _aQué conocimientos son mas útiles -- La educación intelectual -- La educación moral -- La educación física... | ||
| 650 |
_aEducación. _9460 |
||
| 650 |
_aEducación moral. _93587 |
||
| 650 |
_aEducación intelectual. _931382 |
||
| 650 |
_aEducación Física. _913743 |
||
| 942 |
_2ddc _cLIBROS |
||
| 945 |
_awfj _d2019-04-11 |
||